Volt egyszer egy kábelgyár? 4., "Szétszervezték" az üzemet
Elmentve itt :
| Szerző: | |
|---|---|
| Dokumentumtípus: | Cikk |
| Megjelent: |
1998-04-09
|
| Sorozat: | Délmagyarország
88 No. 84 |
| Kulcsszavak: | Szeged, Ipar kábelgyártás gyártörténet Szeged, Privatizáció, Magyar Kábelművek. Szegedi Kábelgyár |
| Online Access: | http://dmarchiv.bibl.u-szeged.hu/84486 |
| LEADER | 00575nab a2200157 i 4500 | ||
|---|---|---|---|
| 001 | delm84486 | ||
| 005 | 20191021145520.0 | ||
| 008 | 191021s1998 hu o 0|| hun d | ||
| 040 | |a SZTE Délmagyarország Archívum |b hun | ||
| 041 | |a hun | ||
| 100 | 1 | |a Fekete Klára | |
| 245 | 1 | 0 | |a Volt egyszer egy kábelgyár? 4., "Szétszervezték" az üzemet |h [elektronikus dokumentum] / |c Fekete Klára |
| 260 | |c 1998-04-09 | ||
| 300 | |a 5 | ||
| 490 | 0 | |a Délmagyarország |v 88 No. 84 | |
| 695 | |a Szeged, Ipar kábelgyártás gyártörténet Szeged, Privatizáció, Magyar Kábelművek. Szegedi Kábelgyár | ||